Regulačné mechanizmy homeostázy lipidov u kvasinky Saccharomyces cerevisiae dizertačná práca i

Salvato in:
Dettagli Bibliografici
Autore principale: Seč, Peter
Natura: Libro
Lingua:slovacco
Pubblicazione: Bratislava STU FCHPT 2015
Accesso online:Visualizza in OPAC
Tags: Aggiungi Tag
Nessun Tag, puoi essere il primo ad aggiungerne!!

MARC

LEADER 00000nam a2200000 a 4500
005 20260127134042.0
008 160302 2015 000 0 slo d
035 |a vtls011509290 
039 9 |y 201603020721  |z mschk02 
040 |a STUSCHK1  |b slo  |c STUSCHK1  |e AACR2 
100 1 |a Seč, Peter 
245 1 |a Regulačné mechanizmy homeostázy lipidov u kvasinky Saccharomyces cerevisiae  |b dizertačná práca i  |c Peter Seč 
260 |a Bratislava  |b STU FCHPT  |c 2015 
300 |a 109 s.  |b il.  |c 24 cm 
500 |a Školiace pracovisko: Chemický ústav Slovenskej akadémie vied 
910 |a SCHK95 
999 |c 2949  |d 2949